000 00805nam a2200277 i 4500
001 000024022
003 DO-SdBNP
005 20260321073641.0
007 ta
008 110118s1982 dr 000 0 spa d
040 _aDO-SdBNP
_bspa
_cBNPHU
_erda
041 _aspa
049 _aBNPD
082 _a305.5097293
_bB742c
_222
100 1 _a Bosch, Juan,
_d1909-2001
_eautor
_976555
245 1 0 _aClases sociales en la República Dominicana /
_cJuan Bosch.
264 _aSanto Domingo :
_bCorripio,
_c1982.
300 _a259 páginas ;
_c21 cm.
336 _ardacontent
_btexto
_2txt
337 _ardamedia
_bsin mediación
_2n
338 _ardacarrier
_bvolumen
_2nc
590 _aInventariadfo, 2025/DG
650 0 _aClases sociales
_zRepública Dominicana
_91062
910 _aDG
942 _2ddc
_cLBS1
999 _c23517
_d23517